000 00701nam a2200217 u 4500
005 20240228064148.0
008 140919s2006 r 000 0 eng d
020 _a9781405481441 (13 dígitos)
020 _a1405481447 (10 dígitos)
035 _aUPN01000199661
049 _aI
050 4 _aPZ7
_bE4.2
100 1 _aEllsworth, Nick
_936320
245 1 3 _aEl conejito tímido /
_cNick Ellsworth ; il. de Caroline Pedler ; tr. de Marta Borrás Monill.
260 _aReino Unido :
_bParragon,
_c2006.
300 _a[16] p. :
_bil.
650 0 _aAnimales
_vCuentos y leyendas
_9234
650 4 _aLibros y lectura para niños
_92290
650 0 _aAmistad en la literatura
_910763
905 _aInfantil
999 _c171762
_d171762